YouTubers with the most videos - Statistics

General Stats
  • This quiz has been taken 8 times
  • The average score is 3 of 6
Answer Stats
Hint Answer % Correct
2.04M Roel Van de Paar
100%
1.4M Name Look
50%
1.07M CODblackopsPS
33%
1.1M CYBERXSYSTEMSALGORV
33%
1.24M Doubtnut
33%
1.05M KnowledgeBaseLibrary
33%
No matching quizzes found
Score Distribution
Percent of People with Each Score
Percentile by Number Answered
Your Score History
You have not taken this quiz